| 000 | 00867nam a2200229 i 4500 | ||
|---|---|---|---|
| 001 | 157269 | ||
| 003 | ES-MaACL | ||
| 005 | 20250809063527.0 | ||
| 008 | 950206s1861 be |||| | fre d | ||
| 040 | _aCLM | ||
| 100 | 1 |
_aLaurent, François, _d1810-1887 _9128741 |
|
| 245 | 1 | 2 |
_aHistoire du droit des gens et des relations internationales : études sur l'histoire de l'humanité. _nTome I, _pL'Orient. |
| 250 | _a2e éd. corrigée. | ||
| 260 |
_aBruxelles : _bMeline, Cans et compagnie, _c1861. |
||
| 300 |
_aXII, 556 p. ; _c21 cm. |
||
| 490 | 1 | _aEtudes sur l'histoire de l'humanité | |
| 650 | 7 |
_aDerecho internacional público- _vHistoria _2 _9163248 |
|
| 651 | 4 |
_aOriente medio- _xHistoria- _yHasta 622. _99134 |
|
| 830 | 0 |
_aEtudes sur l'histoire de l'humanité _9188106 |
|
| 852 |
_aES-MaACL _jD-4566 _z-- Enc. hol. |
||
| 999 |
_c157269 _d157269 |
||